Movies picture quiz: franchise edition - Statistics

General Stats
  • This quiz has been taken 56 times
  • The average score is 14 of 16
Answer Stats
Picture Answer % Correct
Harry Potter
98%
Jurassic Park
98%
the Dark Knight
95%
The Hunger Games
95%
Fast and Furious
93%
Planet of the Apes
91%
Transformers
91%
Indiana Jones
88%
Lord of the Rings
88%
Terminator
88%
Men in Black
84%
Star Wars
84%
Mission Impossible
81%
James Bond
79%
Pirates of the Caribbean
72%
Halloween
63%
No matching quizzes found
Score Distribution
Percent of People with Each Score
Percentile by Number Answered
Your Score History
You have not taken this quiz